007810000a220013300045001000017000002450073000173000055000905000045001455200297001907730045004879420008005329520090005409990017006301 aCala, Felipe10aBorges sin ficciones : Dos nuevos libros sobre el escritor argentino aVol.0, núm.14 (Noviembre, 2006), Páginas 16-17 aLiterato de la Universidad de los Andes. aEdwin Williamson, profesor de Oxford, acaba de publicar una biografía que revela a un Borges más humano y menos cerebral, un Borges dispuesto hasta a morir por amor. Así mismo, acaban de aparecer las memorias de Adolfo Bioy Casares sobre su amistad entrañable con el genial escritor.0 tArcadia / Andrés Felipe Solano, Editor cANA 001040708HEMaFUSBCbFUSBCd2016-01-26l0o r2016-01-26 00:00:00w2016-01-26yANA c61852d61852